| 000 | 00427nam a22001697a 4500 | ||
|---|---|---|---|
| 999 |
_c12261 _d12261 |
||
| 008 | 220829b ||||| |||| 00| 0 eng d | ||
| 020 | _a9788183220941 | ||
| 082 |
_a131 _bBYR |
||
| 100 | _aByrne, Rhonda | ||
| 245 | _aThe secret (रहस्य) : Hindi | ||
| 260 |
_aBhopal _bManjul Publishing House _c2009 |
||
| 300 |
_axv, 198p. _bpb |
||
| 650 | _aNew Thought | ||
| 650 | _aSuccess | ||
| 650 | _aHappiness | ||
| 942 | _cBK | ||